BUBT Library Online Catalog

The Law of International Institutions/ (Record no. 3189)

000 -LEADER
fixed length control field 00627nam a2200229Ia 4500
003 - CONTROL NUMBER IDENTIFIER
control field BUBTL
008 - FIXED-LENGTH DATA ELEMENTS--GENERAL INFORMATION
fixed length control field 151213s9999 xx 000 0 und d
020 ## - INTERNATIONAL STANDARD BOOK NUMBER
International Standard Book Number 8175341234
082 ## - DEWEY DECIMAL CLASSIFICATION NUMBER
Classification number 341.2/ B678i/ 2001
100 ## - MAIN ENTRY--PERSONAL NAME
Personal name Bowett, D. W.
9 (RLIN) 4291
245 ## - TITLE STATEMENT
Title The Law of International Institutions/
Statement of responsibility, etc. D. W. Bowett
250 ## - EDITION STATEMENT
Edition statement 4th
260 ## - PUBLICATION, DISTRIBUTION, ETC. (IMPRINT)
Place of publication, distribution, etc. New Delhi
Name of publisher, distributor, etc. Universal Law Publishing Pvt. Ltd.
Date of publication, distribution, etc. c2001
300 ## - PHYSICAL DESCRIPTION
Extent [xiv], 431p. :
Dimensions 22cm.
500 ## - GENERAL NOTE
General note Includes Index.
650 ## - SUBJECT ADDED ENTRY--TOPICAL TERM
Topical term or geographic name as entry element Law
650 ## - SUBJECT ADDED ENTRY--TOPICAL TERM
Topical term or geographic name as entry element Law
9 (RLIN) 4292
700 ## - ADDED ENTRY--PERSONAL NAME
Personal name D.W.Bowett
9 (RLIN) 4293
856 ## - ELECTRONIC LOCATION AND ACCESS
Password 0
Logon 0
Link text Download
942 ## - ADDED ENTRY ELEMENTS (KOHA)
Source of classification or shelving scheme
Koha item type Books
Holdings
Withdrawn status Lost status Source of classification or shelving scheme Damaged status Not for loan Collection code Permanent location Current location Shelving location Date acquired Source of acquisition Inventory number Total Checkouts Full call number Barcode Date last seen Copy number Price effective from Koha item type
          Non-fiction Bangladesh University of Business and Technology Library Bangladesh University of Business and Technology Library Law Stacks 01/27/2008 Purchase 5093   341.2/ B678i/ 2001 BUBTL-20035093 10/17/2021 C-1 10/17/2021 Books
        Not For Loan Non-fiction Bangladesh University of Business and Technology Library Bangladesh University of Business and Technology Library Law Stacks 01/27/2008 Purchase 5160   341.2/ B678i/ 2001 BUBTL-20035160 10/17/2021 C-2 10/17/2021 Books
        Not For Loan Non-fiction Bangladesh University of Business and Technology Library Bangladesh University of Business and Technology Library Law Stacks 07/25/2009 Purchase 6842   341.2/ B678i/ 2001 BUBTL-20036842 07/28/2024 C-3 07/28/2024 Books
        Not For Loan Non-fiction Bangladesh University of Business and Technology Library Bangladesh University of Business and Technology Library Law Stacks 07/25/2009 Purchase 6844   341.2/ B678i/ 2001 BUBTL-20036844 07/28/2024 C-4 07/28/2024 Books
          Non-fiction Bangladesh University of Business and Technology Library Bangladesh University of Business and Technology Library Law Stacks 07/25/2009 Purchase 6845   341.2/ B678i/ 2001 BUBTL-20036845 07/28/2024 C-5 07/28/2024 Books
          Non-fiction Bangladesh University of Business and Technology Library Bangladesh University of Business and Technology Library Law Stacks 07/25/2009 Purchase 6846   341.2/ B678i/ 2001 BUBTL-20036846 07/28/2024 C-6 07/28/2024 Books

More Information About Library

Library Hours

  • Open: 9.00 am. to 9.00 pm.
  • Only Sunday: 9.00 am. to 6.00 pm.
  • Closed: Holiday

Contact to the University

Bangladesh University of Business and Technology Library

  • Mirpurl-2, 1216.
  • Phone:
  • Fax:
  • E-Mail: admin.library@bubt.edu.bd

Contact to the Library

Contact Person:

Md. Abdul Hakim Shah
Joint Librarian
PABX No:  113
Cell No: 01816332931
E-mail: official: admin.library@bubt.edu.bd
Personal: hakim.shah@bubt.edu.bd


BUBT Library

Copyright © 2021